TH-MS-Genetic and Epigenetic Regulation of Adipsin Gene in Type 2 Diabetes Mellitus (Record no. 480736)
[ view plain ]
| 000 -LEADER | |
|---|---|
| fixed length control field | 00548nam a22001817a 4500 |
| 003 - CONTROL NUMBER IDENTIFIER | |
| control field | ASAB |
| 005 - DATE AND TIME OF LATEST TRANSACTION | |
| control field | 20180827062812.0 |
| 008 - FIXED-LENGTH DATA ELEMENTS--GENERAL INFORMATION | |
| fixed length control field | 180226t xxu||||| |||| 00| 0 eng d |
| 040 ## - CATALOGING SOURCE | |
| Transcribing agency | ASAB |
| 082 ## - DEWEY DECIMAL CLASSIFICATION NUMBER | |
| Classification number | Thesis 2016 G |
| 100 ## - MAIN ENTRY--PERSONAL NAME | |
| Personal name | Gulsanga-sup-Dr. Attya Bhatti |
| 9 (RLIN) | 3532 |
| 245 ## - TITLE STATEMENT | |
| Title | TH-MS-Genetic and Epigenetic Regulation of Adipsin Gene in Type 2 Diabetes Mellitus |
| Statement of responsibility, etc. | Gulsanga-sup-Dr. Attya Bhatti |
| 250 ## - EDITION STATEMENT | |
| Edition statement | 2016 |
| 260 ## - PUBLICATION, DISTRIBUTION, ETC. | |
| Place of publication, distribution, etc. | Islamabad |
| Name of publisher, distributor, etc. | ASAB NUST Islamabad. |
| Date of publication, distribution, etc. | 2016 |
| 300 ## - PHYSICAL DESCRIPTION | |
| Extent | 73 P |
| 630 ## - SUBJECT ADDED ENTRY--UNIFORM TITLE | |
| Uniform title | type 2 Diabetes |
| 9 (RLIN) | 3533 |
| 942 ## - ADDED ENTRY ELEMENTS (KOHA) | |
| Source of classification or shelving scheme | |
| Koha item type | |
| Withdrawn status | Lost status | Source of classification or shelving scheme | Damaged status | Not for loan | Collection code | Permanent Location | Current Location | Date acquired | Total Checkouts | Full call number | Barcode | Date last seen | Price effective from | Koha item type | Shelving location |
|---|---|---|---|---|---|---|---|---|---|---|---|---|---|---|---|
| Atta-ur-Rahman School of Applied Biosciences (ASAB) | Atta-ur-Rahman School of Applied Biosciences (ASAB) | 02/26/2018 | Thesis 2016 G | ASABMS-21-16 | 02/26/2018 | 02/26/2018 | |||||||||
| Central Library (CL) | Central Library (CL) | 02/03/2020 | 660.01 Thesis 2016 G | CL-T-4888 | 02/03/2020 | 02/03/2020 | Thesis | Thesis |
